Geografía humana /

Detalles Bibliográficos
Autor principal: Smith, David
Formato: Libro
Publicado: Barcelona : Oikos-Tau, 1980.
Colección:Elementos de geografía; no. 6
Materias:
Etiquetas: Agregar Etiqueta
Sin Etiquetas, Sea el primero en etiquetar este registro!

MARC

LEADER 00000nam a22000004a 4500
001 AR-BbUGT1010
003 AR-BbUGT
005 20181220001511.0
007 ta
008 061101t1980 |||ad |0|||0| d
020 |a 84-281-0437-9 
040 |a AR-BbUGT  |b spa  |c AR-BbUGT 
082 0 4 |a 910 
100 1 |a Smith, David. 
245 1 0 |a Geografía humana /   |c David Smith. 
260 |a Barcelona :   |b Oikos-Tau,   |c 1980. 
300 |a 589 p. :   |b il., gráficos 
490 1 |a Elementos de geografía;   |v no. 6 
653 |a Geografía Humana 
830 0 |a Elementos de geografía;   |v no. 6 
942 |c BK  |h 910  |i SM54  |2 ddc  |6 910_000000000000000_SM54 
999 |c 8861  |d 8861